000 00346nam a2200157Ia 4500
008 160316s2000 xxu||||| |||| 00| 0 eng d
082 _a345.080000
_bAIM
100 _a
245 _aAims of A juvenile Justice System
250 _a
260 _a
_b
_c2000
300 _a7
_b
_c
365 _b
650 _a1. juvenile Justice
700 _a
_a
999 _c34393
_d34393